00543nam a2200145 a 450000100100000000500170001000800410002704000250006824500730009326000650016630000350023104900090026695201050027599900170038000002682420200930030431.0110325s1977 dr ac 000 0 spa d aDO-SdBNPbspacBNPHU00aEnfermedades de los animales domésticos en República Dominicana. aSanto Domingo, :bDirección general de Ganadería,c1977. a357 p. :bil. retrs. ;c27 cm. aBNPD 0010718PDaPDbPDcCTd2011-03-25iLF1l0o p26824-10r2020-06-25w2020-06-25yLFPDZNo se presta c26316d26316